000 00737nam a2200217Ia 4500
003 GCL
008 140319s9999 xx 000 0 ara d
040 _aGCL /
_cGCL
082 0 4 _a398.21
_bع ا
100 1 _aعبدالناصر محمد نورى عبدالقادر
245 1 0 _aالاسطورة وعلم الاساطير: عن الموسوعة البريطانية /
_cعبدالناصر محمد نورى عبدالقادر
260 _a[S.N] :
_bدار الشئون الثقافية ،
_c1986
300 _a105 ص
490 _a
650 0 4 _aالادب الشعبى
650 0 4 _aالخرافات
650 0 4 _aالقصص الخرافية
650 0 4 _aالاساطير
650 0 4 _aالفلكلور
942 _2ddc
_cBK
999 _c37093
_d37093